| 000 | 00402nam a2200145Ia 4500 | ||
|---|---|---|---|
| 008 | 210210b2006 xxu||||| |||| 00| 0 eng d | ||
| 082 | _a332.02 SHAK | ||
| 100 | _aSHARMA and KHANNA. | ||
| 245 | _aKumar's super guide bank clerical recruitment exam. | ||
| 260 |
_aN D _bVee Kumar Publications Pvt. Ltd. _c2006 |
||
| 300 | _a455 | ||
| 650 | _aBank Clerical Exam | ||
| 690 | _aBanking | ||
| 906 | _a060851 | ||
| 999 |
_c107746 _d107746 |
||